000 00992cam a2200229 4500
001 WS116367
008 020117n 000 0 eng u
035 _a(Sirsi) u116367
110 _aBritish Chambers of Commerce
_93684
245 _aBritish Chambers of Commerce
520 _aWeb site for this national network of quality accredited, local, independent organisations for businesses funded by membership subscription. Includes a searchable list of chambers, surveys, pages on small businesses, employment, Europe, transport, company law and the environment. Also includes pages offering business advice.
650 _aCHAMBERS OF COMMERCE
650 _aSMALL FIRMS
650 _aEMPLOYMENT
650 _aEUROPE
650 _aTRANSPORT
650 _aManagement consultancy
_96255
650 _aCOMPANY LAW
690 _aMANAGEMENT-BUSINESS MANAGEMENT
856 4 0 _uhttps://www.britishchambers.org.uk
_zView the website free of charge at www.britishchambers.org...
942 _n0
999 _c119979
_d119979